Najbardziej wysunięte miasta Polski na południe - Statystyki

Ogólne statystyki
  • Ten quiz został rozwiązany 29 razy
  • Średni wynik to 7 z 10
Statystyki odpowiedzi
°S Miasto % Poprawnych
49,97 Kraków
96%
50,13 Katowice
86%
49,93 Rzeszów
86%
50,23 Gliwice
61%
50,04 Rybnik
61%
49,99 Tarnów
61%
49,74 Bielsko-Biała
57%
50,08 Tychy
57%
50,23 Sosnowiec
54%
50,21 Ruda Śląska
39%
Nie znaleziono quizów pasujących do podanych kryteriów
Rozkład punktacji
Procent ludzi z każdym wynikiem
Percentyl według liczby udzielonych odpowiedzi
Twoja historia wyników
Nie rozwiązałeś tego quizu